| 000 -LEADER |
| fixed length control field |
01376cam a22002537a 4500 |
| 003 - CONTROL NUMBER IDENTIFIER |
| control field |
OSt |
| 005 - DATE AND TIME OF LATEST TRANSACTION |
| control field |
20220112130301.0 |
| 008 - FIXED-LENGTH DATA ELEMENTS--GENERAL INFORMATION |
| fixed length control field |
090618s2010 xx a bf 001 0 eng d |
| 020 ## - INTERNATIONAL STANDARD BOOK NUMBER |
| International Standard Book Number |
9781563677731 (pbk.) |
| 035 ## - SYSTEM CONTROL NUMBER |
| System control number |
(OCoLC)ocn574188419 |
| 042 ## - AUTHENTICATION CODE |
| Authentication code |
lccopycat |
| 082 04 - DEWEY DECIMAL CLASSIFICATION NUMBER |
| Classification number |
720.228 |
| Edition number |
22 |
| Item number |
CON |
| 100 1# - MAIN ENTRY--PERSONAL NAME |
| Personal name |
Congdon, Roark T., |
| Dates associated with a name |
1966- |
| 245 10 - TITLE STATEMENT |
| Title |
Architectural model building : |
| Remainder of title |
tools, techniques, and materials / |
| Statement of responsibility, etc |
Roark, Congdon. |
| 260 ## - PUBLICATION, DISTRIBUTION, ETC. (IMPRINT) |
| Place of publication, distribution, etc |
New York : |
| Name of publisher, distributor, etc |
Fairchild Books, |
| Date of publication, distribution, etc |
c2010 |
| 300 ## - PHYSICAL DESCRIPTION |
| Extent |
xxiii, 247 p. : |
| Other physical details |
ill. (some col.) ; |
| Dimensions |
21 x 28 cm. |
| 504 ## - BIBLIOGRAPHY, ETC. NOTE |
| Bibliography, etc |
Includes bibliographical references (p. [241]-242) and index. |
| 505 0# - FORMATTED CONTENTS NOTE |
| Formatted contents note |
Preparation: A brief history of the architectural model -- Model types and their uses -- Interior models -- Planning a model -- Your workspace -- Basic tools and their uses -- Fundamental techniques: Fundamental construction techniques -- Bases and presentation -- Paper-based models -- Foam board, foam core, or Bainbridge board models -- Balsa and basswood construction techniques -- Advanced techniques: Advanced materials and construction techniques -- Entourage. |
| 650 #0 - SUBJECT ADDED ENTRY--TOPICAL TERM |
| Topical term or geographic name as entry element |
Architectural models |
| Form subdivision |
Handbooks, manuals, etc. |
| 650 #0 - SUBJECT ADDED ENTRY--TOPICAL TERM |
| Topical term or geographic name as entry element |
Architectural models |
| General subdivision |
Technique. |
| 906 ## - LOCAL DATA ELEMENT F, LDF (RLIN) |
| a |
7 |
| b |
cbc |
| c |
copycat |
| d |
2 |
| e |
ncip |
| f |
20 |
| g |
y-gencatlg |
| 942 ## - ADDED ENTRY ELEMENTS (KOHA) |
| Source of classification or shelving scheme |
|
| 955 ## - COPY-LEVEL INFORMATION (RLIN) |
| Book number/undivided call number, CCAL (RLIN) |
rc09 2010-09-01 z-processor |
| Copy status, CST (RLIN) |
rc09 2010-09-01 ; to Dewey 2010-09-01 |